00885nam a2200253Ia 450000500170000000800410001702000150005810000400007324500680011325000190018130000420020049000310024265000480027365000480032165000360036965000390040570000240044426400290046833600270049733700330052433800280055704000350058508400110062020220317001244.0160825s1995 ck a g 000 0 spa  a95807096021 aRodríguez, Antonio Orlandod1956-10aConcierto para escalera y orquestacAntonio Orlando Rodríguez a1a. edición  a73 páginas bilustraciones c19 cm  aJuveniles latinoamericanos142LEMBaCuentos infantiles cubanos ySiglo XX142LEMBaLiteratura infantil cubana ySiglo XX142LEMBaAmistad en la literatura 142LEMBaFantasía en la literatura 1 aBlandón, Hernando aMedellínbEdiluxc1995 atextobtxt2rdacontent asin mediaciónbn2rdamedia avolumenbnc2rdacarrier aCO-BoRNBPbspaerdacCO-BoRNBP aC ROD4